000
00230nam a2200097Ia 4500
005
20251222114345.0
008
251222s1900||||xx |||||||||||||| ||spa||
082
_a
DVD0099/G87/2006
245
0
_a
Cusco: Ombligo del Mundo:
942
_c
DVD
999
_c
1015
_d
1015